|
|
|
|
| LEADER |
00689cam a2200205 7i4500 |
| 001 |
0000004332 |
| 005 |
20170218090000.0 |
| 020 |
|
|
|a 0471353922 (pbk.)
|
| 020 |
|
|
|a 9780471353928
|
| 090 |
0 |
0 |
|a HF5415.13
|b .D35 2000
|
| 100 |
1 |
|
|a Dalrymple, Douglas J
|
| 245 |
1 |
0 |
|a Basic marketing management
|c Douglas J. Dalrymple, Leonard J. Parsons.
|
| 250 |
|
|
|a 2nd ed.
|
| 260 |
|
|
|a New York:
|b John Wiley & Sons,
|c 2000.
|
| 300 |
|
|
|a xiii, 341 p.:
|b ill.;
|c 24 cm.
|
| 504 |
|
|
|a Includes bibliographical references and index
|
| 650 |
0 |
0 |
|a Marketing --
|x Management
|
| 700 |
1 |
|
|a Parsons, Leonard J
|
| 997 |
|
|
|a Business & Accountancy, Faculty
|
| 999 |
|
|
|a 0000002506
|b BOK
|c OPEN SHELF
|e 1st Floor, Shah Alam
|